[Event "Titled Tue 17th Jun Early"]
[Site "chess.com INT"]
[Date "2025.06.17"]
[Round "1"]
[White "Hungaski, Robert"]
[Black "Lopez Abreu, Michel Samuel"]
[Result "0-1"]
[WhiteTitle "GM"]
[BlackTitle "FM"]
[WhiteElo "2477"]
[BlackElo "2038"]
[WhiteFideId "2021030"]
[BlackFideId "3927903"]
[EventDate "2025.06.17"]

1. h3 d5 2. e3 Nf6 3. Nf3 c5 4. Bb5+ Bd7 5. Qe2 a6 6. Bxd7+ Nbxd7 7. d3 e6 8. e4
Qc7 9. e5 Ng8 10. c4 Nb6 11. Nc3 Ne7 12. O-O d4 13. Ne4 Nc6 14. Bf4 Nc8 15. a3
Be7 16. g4 O-O 17. Bg3 b6 18. Rab1 a5 19. Kh2 Qd7 20. Nfd2 Bd8 21. f4 f5 22.
exf6 Bxf6 23. f5 exf5 24. Rxf5 Be7 25. Rbf1 Nd6 26. Bxd6 Bxd6+ 27. Kg2 Rxf5 28.
gxf5 Rf8 29. f6 Be5 30. fxg7 Rxf1 31. Kxf1 Bxg7 32. Qg4 Qxg4 33. hxg4 Ne5 34.
Nf2 Bf6 35. Nde4 Bh4 36. Ke2 Bxf2 37. Nxf2 Kf7 38. g5 Kg6 39. Ne4 Nf7 40. Nf6
Nxg5 41. Nd7 Ne6 42. Nxb6 Nf4+ 43. Kd2 h5 44. Nd7 h4 45. Ne5+ Kf5 46. Nf3 h3 47.
Nh2 Kg5 48. b4 axb4 49. axb4 cxb4 50. Kc2 Kh4 51. c5 Kg3 52. c6 Ne6 53. Nf1+ Kf2
54. Nh2 Kg2 55. Ng4 h2 56. Nxh2 Kxh2 57. Kb3 Kg3 58. Kxb4 Kf3 59. Kb3 Ke3 60.
Kc4 Nc7 61. Kc5 Na6+ 62. Kb6 Nb4 63. Kc5 Nxc6 0-1

[Event "Titled Tue 17th Jun Early"]
[Site "chess.com INT"]
[Date "2025.06.17"]
[Round "1"]
[White "Drygalov, Andrey"]
[Black "Dwilewicz, Katarzyna"]
[Result "1-0"]
[WhiteTitle "GM"]
[BlackTitle "WFM"]
[WhiteElo "2431"]
[BlackElo "2198"]
[WhiteFideId "24171735"]
[BlackFideId "1148486"]
[EventDate "2025.06.17"]

1. e4 c5 2. Nf3 d6 3. Bb5+ Nd7 4. O-O a6 5. Bd3 Ngf6 6. Re1 g6 7. c3 Bg7 8. Bc2
c4 9. d4 cxd3 10. Bxd3 O-O 11. Bg5 h6 12. Bh4 b5 13. Nbd2 Bb7 14. Bc2 Qc7 15. a4
Bc6 16. Nd4 bxa4 17. Nxc6 Qxc6 18. Bxa4 Qc7 19. Bc2 a5 20. Qe2 Rab8 21. Ra2 Nc5
22. Rea1 a4 23. Nc4 Ra8 24. Bxf6 Bxf6 25. Bxa4 Nxa4 26. Rxa4 Rxa4 27. Rxa4 Rc8
28. Ne3 e6 29. g3 h5 30. Rc4 Qb7 31. Rxc8+ Qxc8 32. Qd2 Qc6 33. Qd3 Kg7 34. Nc4
Qb5 35. b4 d5 36. exd5 exd5 37. Nb2 Qxd3 38. Nxd3 Bxc3 39. b5 Ba5 40. Nf4 d4 41.
Nd5 d3 42. Kf1 f5 43. b6 Bxb6 44. Nxb6 Kf6 45. Nc4 f4 46. Nb2 fxg3 47. fxg3 d2
48. Ke2 Kg5 49. Nc4 Kg4 50. Nxd2 Kh3 51. Nf3 g5 52. Kf2 g4 53. Nh4 Kxh2 54. Ng2
Kh3 55. Nf4+ Kh2 56. Ne2 Kh3 57. Nf4+ Kh2 58. Ng6 Kh3 59. Nh4 Kh2 60. Nf5 Kh3
61. Kg1 h4 62. gxh4 g3 63. h5 Kg4 64. h6 1-0

[Event "Titled Tue 17th Jun Early"]
[Site "chess.com INT"]
[Date "2025.06.17"]
[Round "1"]
[White "Cuenca Jimenez, Jose Fernando"]
[Black "Demchenko, Svitlana"]
[Result "0-1"]
[WhiteTitle "GM"]
[BlackTitle "WIM"]
[WhiteElo "2487"]
[BlackElo "2135"]
[WhiteFideId "2255570"]
[BlackFideId "14149893"]
[EventDate "2025.06.17"]

1. d4 Nf6 2. Bf4 g6 3. Nc3 d5 4. e3 Bg7 5. h4 h6 6. Nf3 c6 7. Ne5 Nbd7 8. Be2
O-O 9. g4 Ne4 10. Nxe4 dxe4 11. Nc4 Nb6 12. Nd2 Nd5 13. Bg3 f5 14. gxf5 gxf5 15.
Bc4 Kh8 16. Bxd5 Qxd5 17. Bf4 Qf7 18. Qe2 c5 19. c3 cxd4 20. exd4 Be6 21. Qe3
Qh5 22. Qe2 Qf7 23. Rg1 Rg8 24. Qe3 Qh5 25. Qe2 Qf7 26. Nf1 Bc4 27. Qe3 Bxf1 28.
Rxf1 Qh5 29. Qe2 Qxe2+ 30. Kxe2 Kh7 31. Rg1 Bf6 32. h5 b5 33. Rg3 Bh4 34. Rgg1
a5 35. a4 b4 36. c4 Bf6 37. Ke3 Rad8 38. Rxg8 Kxg8 39. Rd1 Kh7 40. b3 e5 41. Bh2
exd4+ 42. Ke2 d3+ 43. Ke3 Bg5+ 44. Bf4 Rd7 45. c5 Kg7 46. c6 Rd8 47. c7 Bxf4+
48. Kxf4 Rc8 49. Kxf5 Rxc7 50. Kxe4 Rc2 51. f3 d2 52. Kd3 Rc3+ 53. Kxd2 Rxb3 54.
Ke2 Rb2+ 55. Ke3 Ra2 56. Rd7+ Kf6 57. Kf4 Rxa4 58. Rd6+ Kg7 59. Ke3 b3 60. Rb6
Rb4 61. Rxb4 axb4 62. Kd2 Kf6 63. Kc1 Kg5 64. Kb2 Kxh5 65. Kxb3 Kg5 66. Kxb4 Kf4
67. Kc3 Kxf3 68. Kd2 Kf2 69. Kd3 h5 70. Ke4 h4 71. Kf4 h3 72. Kg4 h2 73. Kh3
h1=Q+ 74. Kg4 Qf3+ 0-1

[Event "Titled Tue 17th Jun Early"]
[Site "chess.com INT"]
[Date "2025.06.17"]
[Round "1"]
[White "Akshit, Kumar J"]
[Black "Wartiovaara, Oliver"]
[Result "0-1"]
[WhiteTitle "CM"]
[BlackTitle "FM"]
[WhiteElo "2074"]
[BlackElo "2323"]
[WhiteFideId "25097431"]
[BlackFideId "513024"]
[EventDate "2025.06.17"]

1. e4 e6 2. d4 d5 3. Nc3 dxe4 4. Nxe4 Bd7 5. Nf3 Bc6 6. Bd3 Nd7 7. Qe2 Ngf6 8.
Nxf6+ Qxf6 9. c3 Bxf3 10. Qxf3 Qxf3 11. gxf3 Bd6 12. h4 h5 13. Bd2 c6 14. O-O-O
g6 15. c4 O-O-O 16. Bc3 Rhe8 17. b4 e5 18. a3 exd4 19. Bxd4 Bf4+ 20. Kc2 b6 21.
Be4 Kc7 22. b5 c5 23. Bc3 Be5 24. Bc6 Bxc3 25. Kxc3 Re2 26. Rhe1 Rxe1 27. Rxe1
Kd6 28. Bd5 Rf8 29. Rd1 Kc7 30. Re1 Kd6 31. Rd1 Ke7 32. Bc6 Ne5 33. f4 Nxc6 34.
bxc6 Rc8 35. Rd7+ Ke6 36. Rxa7 Rxc6 37. Rb7 Rd6 38. a4 f6 39. Rc7 Kf5 40. a5
bxa5 41. Rxc5+ Kxf4 42. Rxa5 Kg4 43. c5 Rc6 44. Kc4 Kxh4 45. Kd5 Rc8 46. c6 Kg4
47. Kd6 h4 48. Kd7 Rh8 49. Ra4+ Kg5 50. Ra5+ f5 51. c7 h3 52. c8=Q Rxc8 53. Kxc8
h2 54. Ra1 Kg4 55. Kd7 Kf3 56. Ke6 Kxf2 57. Kf6 Kg2 58. Kxg6 f4 59. Kg5 f3 60.
Ra2+ f2 0-1

[Event "Titled Tue 17th Jun Early"]
[Site "chess.com INT"]
[Date "2025.06.17"]
[Round "1"]
[White "Grandelius, Nils"]
[Black "Grzesik, Gracjan"]
[Result "0-1"]
[WhiteTitle "GM"]
[BlackTitle "CM"]
[WhiteElo "2643"]
[BlackElo "2175"]
[WhiteFideId "1710400"]
[BlackFideId "1194593"]
[EventDate "2025.06.17"]

1. d4 Nf6 2. c4 e6 3. Nc3 Bb4 4. Qc2 O-O 5. a3 Bxc3+ 6. Qxc3 d5 7. cxd5 exd5 8.
Bf4 c6 9. e3 Bf5 10. f3 Nh5 11. Bxb8 Rxb8 12. Ne2 Bg6 13. O-O-O Nf6 14. Nf4 b5
15. h4 a5 16. Qc5 Nd7 17. Qd6 b4 18. a4 b3 19. e4 dxe4 20. h5 Bf5 21. h6 Qf6 22.
Qxf6 Nxf6 23. hxg7 Kxg7 24. g4 Bg6 25. g5 Nd5 26. Nxg6 hxg6 27. fxe4 Ne3 28. Rd3
Nxf1 29. Rxf1 Rfe8 30. e5 Rb4 31. Rfd1 Rd8 32. Kd2 Rdxd4 33. Kc3 Rxd3+ 34. Rxd3
Rxa4 35. Rd7 Re4 36. Kxb3 Rxe5 37. Kc4 Rxg5 38. b3 Rb5 39. Rc7 Rb4+ 40. Kc3 g5
41. Rxc6 Rb5 42. Kc4 Rf5 43. Rd6 g4 44. Rd4 Rg5 45. Rd2 g3 46. Rg2 f5 47. Kd4
Kf6 48. Ke3 Ke5 49. Kf3 f4 50. Ra2 Rf5 51. Rxa5+ Kf6 52. Ra6+ Kg5 53. Rb6 Rc5
54. Rb8 Rc3+ 55. Kg2 Kf5 56. b4 Rb3 57. b5 Rb2+ 58. Kg1 f3 59. Rf8+ Ke4 60. Re8+
Kd5 61. Rd8+ Ke6 62. Rd1 Rxb5 63. Rf1 Rb3 64. Ra1 Kf5 65. Ra5+ Ke4 66. Ra1 Kf4
67. Rc1 Kg4 68. Rc4+ Kh3 69. Rc1 Rb2 70. Kh1 Rh2+ 71. Kg1 f2+ 72. Kf1 Rh1+ 73.
Ke2 Rxc1 74. Ke3 Re1+ 75. Kd4 f1=Q 0-1

[Event "Titled Tue 17th Jun Early"]
[Site "chess.com INT"]
[Date "2025.06.17"]
[Round "1"]
[White "Rosh, Jain"]
[Black "Gavarrete, Nahun"]
[Result "1-0"]
[WhiteTitle "FM"]
[BlackTitle "FM"]
[WhiteElo "2299"]
[BlackElo "2281"]
[WhiteFideId "25789465"]
[BlackFideId "8400709"]
[EventDate "2025.06.17"]

1. e4 e5 2. Nf3 Nc6 3. Bb5 Nf6 4. d3 d6 5. c3 Bd7 6. O-O Be7 7. Re1 O-O 8. d4 a6
9. Bd3 Re8 10. Nbd2 Bf8 11. Nf1 Bg4 12. d5 Ne7 13. h3 Bxf3 14. Qxf3 Ng6 15. Ng3
Be7 16. Nf5 Qd7 17. h4 h5 18. Bg5 Ng4 19. Nxe7+ Nxe7 20. Qg3 f5 21. exf5 Nxf5
22. Qf3 Rf8 23. Qe4 g6 24. c4 Rae8 25. b4 Qf7 26. f3 Nf6 27. Bxf6 Qxf6 28. c5
Qxh4 29. Qxh4 Nxh4 30. c6 bxc6 31. dxc6 Ra8 32. a4 Nf5 33. b5 axb5 34. axb5 Rab8
35. Ra7 Rfc8 36. Bc4+ Kf8 37. Be6 Re8 38. Bxf5 gxf5 39. Rxc7 Rxb5 40. Rd7 Rc5
41. Rxd6 Rc8 42. Rf6+ Kg7 43. Rxf5 R8xc6 44. Rxh5 Kf6 45. Rh6+ Kf5 46. Rh8 Rf6
47. Rh5+ Ke6 48. Re2 Rc1+ 49. Kf2 Rc5 50. g3 Kd6 51. Kg2 Rc3 52. Rhxe5 Rfxf3 53.
Rg5 Rfe3 54. Rf2 Ke6 55. Rg6+ Ke7 56. Kh3 Re6 57. Rxe6+ Kxe6 58. Kh4 Rc8 59. g4
Rh8+ 60. Kg3 Ke7 61. g5 Rf8 62. Rh2 Kf7 63. Kg4 Kg6 64. Ra2 Rc8 65. Ra6+ Kg7 66.
Kf5 Rc5+ 67. Kg4 Rc4+ 68. Kh5 Rc5 69. Ra7+ Kh8 70. Ra6 Rc1 71. Kg6 Rc8 72. Kh6
Kg8 73. Kh5 Rc5 74. Ra8+ Kg7 75. Ra7+ Kg8 76. Re7 Kf8 77. Re6 Kg7 78. Rg6+ Kh7
79. Rb6 Rc1 80. Rb7+ Kg8 81. Kh6 Rh1+ 82. Kg6 Kf8 83. Rb8+ Ke7 84. Kg7 Rc1 85.
g6 Ke6 86. Kh7 Rh1+ 87. Kg8 Kf6 88. Rb6+ Ke7 89. g7 Rh6 90. Rxh6 Ke8 91. Kh8 Kd7
92. g8=Q Kc7 93. Qh7+ Kc8 94. Rg6 Kb8 95. Rg8# 1-0

[Event "Titled Tue 17th Jun Early"]
[Site "chess.com INT"]
[Date "2025.06.17"]
[Round "1"]
[White "Junior, Liduino F Vasconcelos"]
[Black "Cernov, Henrik"]
[Result "0-1"]
[BlackTitle "FM"]
[WhiteElo "2047"]
[BlackElo "2325"]
[WhiteFideId "2109913"]
[BlackFideId "16258312"]
[EventDate "2025.06.17"]

1. e4 c6 2. d4 d5 3. e5 Bf5 4. Bd3 Bxd3 5. Qxd3 e6 6. f4 Qb6 7. Nf3 c5 8. c3
cxd4 9. cxd4 Nc6 10. Nc3 Rc8 11. O-O Nh6 12. a3 Nf5 13. Ne2 h5 14. b4 a5 15. b5
Nb8 16. Bd2 Be7 17. Nc3 Rc4 18. Be3 O-O 19. Nd2 Nxe3 20. Qxe3 Rxd4 21. Na4 Qxb5
22. Qxd4 Nc6 23. Qb6 Qxa4 24. Kh1 Qc2 25. Nf3 Qc5 26. Qxb7 Rb8 27. Qc7 Qb6 28.
Qxb6 Rxb6 29. Rfc1 Kf8 30. h3 Ke8 31. Rc2 Kd7 32. Rac1 Bxa3 33. Ra1 Bb4 34. Ng5
f6 35. exf6 gxf6 36. Nf3 Ne7 37. Nd4 e5 38. fxe5 fxe5 39. Nf3 Re6 40. Rac1 Bd6
41. Rb1 Bb4 42. Rbc1 Bd6 43. Rb1 Bb4 44. Re2 Nc6 45. Rd1 Kd6 46. Nh4 e4 47. Nf5+
Ke5 48. Ne3 d4 49. Nc4+ Kd5 50. Nb6+ Kc5 51. Nd7+ Kd6 52. Nb6 d3 53. Ra2 Nd4 54.
Nc4+ Kd5 55. Nxa5 Ra6 56. Rda1 Bc3 57. Rc1 Rxa5 58. Rf2 Rc5 59. Ra2 d2 60. Rd1
e3 61. Kg1 e2 62. Rdxd2 Bxd2 63. Rxd2 e1=Q+ 64. Kh2 Qxd2 0-1

[Event "Titled Tue 17th Jun Early"]
[Site "chess.com INT"]
[Date "2025.06.17"]
[Round "1"]
[White "Olhovik, Andrei"]
[Black "Hernandez Bermudez, Ulises Eduardo"]
[Result "1-0"]
[WhiteTitle "FM"]
[WhiteElo "2282"]
[BlackElo "2042"]
[WhiteFideId "13507397"]
[BlackFideId "3902510"]
[EventDate "2025.06.17"]

1. d4 Nf6 2. c4 g6 3. Nc3 Bg7 4. e4 d6 5. h3 O-O 6. Bg5 h6 7. Be3 e5 8. d5 Nbd7
9. Bd3 a5 10. Nge2 Nh5 11. g4 Nhf6 12. Ng3 Nc5 13. Bc2 c6 14. Qd2 Kh7 15. dxc6
bxc6 16. Rd1 Nb7 17. f3 Be6 18. b3 Ne8 19. h4 Qe7 20. h5 g5 21. Nd5 cxd5 22.
exd5+ Kh8 23. dxe6 fxe6 24. Qd3 Bf6 25. Ne4 Qg7 26. O-O Be7 27. a3 Nf6 28. b4
axb4 29. axb4 Ra2 30. Qb3 Rfa8 31. Nxf6 Qxf6 32. Qd3 Qf7 33. Qe4 d5 34. cxd5
exd5 35. Qxe5+ Bf6 36. Qf5 Nd6 37. Qxd5 Rxc2 38. Qxd6 Raa2 39. Rf2 Rxf2 40. Bxf2
Kg7 41. Qd5 Qxd5 42. Rxd5 Ra1+ 43. Kg2 Rb1 44. b5 Rb2 45. Kf1 Rb1+ 46. Ke2 Kf7
47. Bd4 Be7 48. b6 Ke6 49. Re5+ Kd7 50. Rf5 Bd6 51. Rf6 Bf4 52. Kd3 Rd1+ 53. Ke4
Re1+ 54. Kf5 Rd1 55. Be5 Rd5 56. Re6 Rb5 57. b7 Rxb7 58. Bxf4 gxf4 59. Rxh6 Rb4
60. g5 Ke7 61. Ra6 Kf7 62. Ra7+ Kf8 63. h6 Rb5+ 64. Kg6 Rb6+ 65. Kf5 Rb4 66. g6
Rb5+ 67. Kxf4 Rh5 68. g7+ Kg8 69. Ra8+ Kh7 70. g8=Q+ Kxh6 71. Ra6# 1-0

[Event "Titled Tue 17th Jun Early"]
[Site "chess.com INT"]
[Date "2025.06.17"]
[Round "1"]
[White "Aliyev, Elnur"]
[Black "Cahaya, Satria Duta"]
[Result "0-1"]
[WhiteTitle "CM"]
[BlackTitle "FM"]
[WhiteElo "2123"]
[BlackElo "2386"]
[WhiteFideId "13402617"]
[BlackFideId "7124252"]
[EventDate "2025.06.17"]

1. e4 e5 2. Nf3 Nc6 3. Bb5 a6 4. Bxc6 dxc6 5. O-O Bg4 6. h3 h5 7. d3 Qf6 8. Nbd2
Ne7 9. Nc4 Bxf3 10. Qxf3 Qxf3 11. gxf3 f6 12. Rd1 g5 13. Kf1 c5 14. c3 O-O-O 15.
Be3 Ng6 16. Ke2 Be7 17. a3 Rd7 18. b4 b6 19. bxc5 Bxc5 20. d4 Bd6 21. Nxd6+ Rxd6
22. d5 Re8 23. c4 c5 24. a4 a5 25. Rab1 Kc7 26. Rb5 Ne7 27. Rdb1 Nc8 28. Bxc5
bxc5 29. Rxc5+ Kd8 30. Rb8 Kd7 31. Rb7+ Kd8 32. Rxa5 Re7 33. Rxe7 Kxe7 34. c5
Rd7 35. Ra6 Rb7 36. Rc6 Na7 37. Re6+ Kf7 38. c6 Rc7 39. Kd3 Nc8 40. a5 Ra7 41.
h4 gxh4 42. Ke2 Rxa5 43. Kf1 Ra3 44. Kg2 h3+ 45. Kxh3 Rxf3+ 46. Kg2 Rc3 47. f4
exf4 48. e5 fxe5 49. Rxe5 h4 50. Rf5+ Kg6 51. Rxf4 Kg5 52. Rf8 Nd6 53. Rg8+ Kf4
54. Rg6 Ke5 55. Rg5+ Ke4 56. Rh5 Nf5 57. Rh7 Rc2+ 58. Kh3 Rc3+ 59. Kh2 Kf4 60.
c7 Kg4 61. Rh8 Rc2+ 62. Kg1 Rxc7 63. Rg8+ Kf3 64. Rh8 Kg3 65. Rf8 Rc1# 0-1

[Event "Titled Tue 17th Jun Early"]
[Site "chess.com INT"]
[Date "2025.06.17"]
[Round "1"]
[White "Huseynova, Dinara"]
[Black "Platzgummer, Fabian"]
[Result "0-1"]
[WhiteTitle "WCM"]
[BlackTitle "IM"]
[WhiteElo "1833"]
[BlackElo "2293"]
[WhiteFideId "13437313"]
[BlackFideId "1617222"]
[EventDate "2025.06.17"]

1. d4 d5 2. e3 Nf6 3. Nf3 Bf5 4. c4 c6 5. Qb3 Qb6 6. c5 Qxb3 7. axb3 Nbd7 8. Nc3
a6 9. b4 Rb8 10. Bd2 h6 11. Be2 e6 12. O-O g5 13. h3 Bg7 14. Rfe1 Ne4 15. Nxe4
dxe4 16. Nh2 Nf6 17. Bc3 h5 18. Nf1 Nd5 19. Ng3 Bg6 20. Bc4 f5 21. f3 exf3 22.
gxf3 Kd7 23. e4 Nf4 24. exf5 exf5 25. Kh2 Rhe8 26. Bd2 Bxd4 27. Bxf4 gxf4 28.
Red1 fxg3+ 29. Kxg3 f4+ 30. Kxf4 Rf8+ 31. Kg3 h4+ 32. Kg4 Bf5+ 33. Kxh4 Rh8+ 34.
Kg5 Kc7 35. Rxd4 Bxh3 36. Re1 Rbe8 37. Rde4 Ref8 38. Rf4 Rxf4 39. Kxf4 Rh4+ 40.
Kg3 Rxc4 41. Kxh3 Rxb4 42. Re2 Rb5 43. Rc2 Kd7 44. Kg4 Ke6 45. f4 Kf6 46. Rh2
Rxc5 47. Rh6+ Kg7 48. Rd6 Rb5 49. Rd2 a5 50. f5 Kf6 51. Rd6+ Kf7 52. Rd2 Kf6 53.
Rd6+ Ke7 54. Rd2 a4 55. Kg5 Re5 56. Kg6 Re1 57. f6+ Ke6 58. Rg2 Rf1 59. Re2+ Kd5
60. f7 b5 61. Kg7 c5 62. f8=Q Rxf8 63. Kxf8 b4 64. Ke7 c4 65. Kf6 c3 66. bxc3 b3
67. Rb2 Kc4 68. Ke5 Kxc3 69. Rb1 a3 70. Ke4 a2 71. Rh1 b2 72. Rh3+ Kc4 73. Rh8
b1=Q+ 0-1

[Event "Titled Tue 17th Jun Early"]
[Site "chess.com INT"]
[Date "2025.06.17"]
[Round "1"]
[White "Garde, Guillaume"]
[Black "Molenda, Marcin"]
[Result "0-1"]
[WhiteTitle "CM"]
[BlackTitle "IM"]
[WhiteElo "2211"]
[BlackElo "2376"]
[WhiteFideId "45138273"]
[BlackFideId "1173065"]
[EventDate "2025.06.17"]

1. d4 d5 2. Nf3 Nf6 3. e3 e6 4. b3 b6 5. Bb2 Bb7 6. Bd3 Be7 7. O-O Nbd7 8. Nbd2
O-O 9. Ne5 c5 10. f4 cxd4 11. exd4 Ne4 12. Nxe4 dxe4 13. Bb5 Nf6 14. Qe2 Rc8 15.
Bc4 Bd5 16. Kh1 Bxc4 17. bxc4 Qc7 18. g4 Nd7 19. Qxe4 Nxe5 20. fxe5 Qxc4 21. Rf2
Qc6 22. Re1 Qxe4+ 23. Rxe4 b5 24. Re3 Bh4 25. Rfe2 Rc7 26. Rb3 a6 27. Ba3 Rfc8
28. Bc5 Be7 29. Bxe7 Rxe7 30. Ra3 Rc6 31. c3 Rec7 32. Re3 Kf8 33. Kg2 Ke7 34.
Kf3 Rb6 35. Rb3 Rc4 36. a3 Rbc6 37. h3 Kd8 38. Ke4 Kc8 39. Kd3 Kd8 40. Rf3 Ke8
41. Rf2 Rc7 42. h4 Ke7 43. g5 Rc8 44. Rf3 Kf8 45. Rf2 Kg8 46. Rg2 Kf8 47. h5 Ke7
48. h6 Rg8 49. Rbb2 gxh6 50. gxh6 Rg6 51. Rxg6 fxg6 52. Rf2 Ra4 53. Rf6 Rc4 54.
Rf3 Rc8 55. Ke4 g5 56. Rg3 Rg8 57. d5 exd5+ 58. Kf5 Rg6 59. Rd3 g4 60. Rg3 a5
61. Rxg4 Rxg4 62. Kxg4 Ke6 63. Kf4 a4 64. Kg4 Kxe5 65. Kg5 Ke6 66. Kf4 d4 67.
cxd4 b4 68. Kg5 bxa3 69. d5+ Kxd5 70. Kf6 a2 71. Kg7 a1=Q+ 72. Kxh7 Qg1 73. Kh8
Qg6 74. h7 Qxh7+ 75. Kxh7 a3 0-1

[Event "Titled Tue 17th Jun Early"]
[Site "chess.com INT"]
[Date "2025.06.17"]
[Round "1"]
[White "Dragnev, Valentin"]
[Black "Baturin-Vinogradov, Miroslav"]
[Result "1/2-1/2"]
[WhiteTitle "GM"]
[BlackTitle "CM"]
[WhiteElo "2547"]
[BlackElo "2046"]
[WhiteFideId "1634852"]
[BlackFideId "55745741"]
[EventDate "2025.06.17"]

1. e4 e5 2. Nf3 Nc6 3. Bb5 a6 4. Bxc6 dxc6 5. d4 exd4 6. Qxd4 Qxd4 7. Nxd4 Nf6
8. f3 Bc5 9. Be3 Bd7 10. Nd2 O-O 11. O-O-O Rfe8 12. Rhe1 Rad8 13. N2b3 Bb6 14.
c4 h6 15. c5 Ba7 16. Re2 Bc8 17. Red2 Rd7 18. Bf4 Nh5 19. Be3 Nf6 20. Ne2 Red8
21. Bf4 Ne8 22. Rxd7 Rxd7 23. Rxd7 Bxd7 24. Ned4 f6 25. Kc2 Kf7 26. Kc3 g5 27.
Bg3 Ke7 28. Kc4 h5 29. Na5 b5+ 30. cxb6 Bxb6 31. Naxc6+ Kf7 32. Nb4 a5 33. Nd5
Bxd4 34. Kxd4 Be6 35. a4 Bd7 36. b3 Be6 37. Kc5 f5 38. Be1 fxe4 39. fxe4 Nd6 40.
Kd4 c6 41. Nb6 Bxb3 42. Bxa5 Nb7 43. Bb4 Ke6 44. a5 c5+ 45. Bxc5 Nxa5 46. Nd5
Nc6+ 47. Ke3 Bxd5 48. exd5+ Kxd5 49. Bb6 Ke5 50. Bc7+ Kf5 51. h3 Ne7 52. Kd4 g4
53. Bd6 gxh3 54. gxh3 Ng6 55. Ke3 Kg5 56. Bg3 Nh4 57. Ke4 Nf5 58. Bf2 Kg6 59.
Kf4 Nh6 60. Bd4 Nf7 61. Bc5 Nh6 62. Bb4 Nf7 63. Ba3 Nh6 64. Bb2 Nf7 65. Bc3 Ng5
66. Be1 Nxh3+ 67. Kg3 Ng5 68. Kg2 Kf5 69. Bf2 Kg4 70. Be1 Ne4 71. Kh2 h4 72.
Bxh4 1/2-1/2

[Event "Titled Tue 17th Jun Early"]
[Site "chess.com INT"]
[Date "2025.06.17"]
[Round "1"]
[White "Toroptseva, Yevheniia"]
[Black "Ahn, Hongjin"]
[Result "0-1"]
[WhiteTitle "WFM"]
[BlackTitle "IM"]
[WhiteElo "2104"]
[BlackElo "2304"]
[WhiteFideId "34109374"]
[BlackFideId "13201492"]
[EventDate "2025.06.17"]

1. Nc3 d5 2. e4 d4 3. Nce2 c5 4. d3 Nc6 5. f4 e5 6. Nf3 Bd6 7. g3 Nge7 8. Bg2
O-O 9. f5 f6 10. O-O b5 11. g4 c4 12. g5 Kf7 13. Ng3 Ke8 14. gxf6 gxf6 15. Bh6
Rg8 16. Nh5 Kf7 17. Kh1 Bb7 18. dxc4 bxc4 19. Nd2 Na5 20. Ng3 Ke8 21. Qh5+ Kd7
22. Qf7 Kc7 23. Qxf6 Qe8 24. Qh4 Nec6 25. f6 Qf7 26. Qh5 Rg6 27. Rf2 Rag8 28.
Raf1 Nd8 29. Nb1 Rxg3 30. Qxf7+ Nxf7 31. hxg3 Nxh6 32. f7 Rf8 33. Bh3 Kd8 34.
Rf6 Bxe4+ 35. Kh2 Ke7 36. Rxh6 Bg6 37. Rh4 Bxc2 38. Nd2 Bg6 39. Bf5 Rxf7 40.
Bxg6 hxg6 41. Rxf7+ Kxf7 42. Rh7+ Ke6 43. Rxa7 Nc6 44. Ra6 Kd5 45. Nxc4 Kxc4 46.
Rxc6+ Kd5 47. Rc1 e4 48. Kg2 g5 49. Kf2 g4 50. a4 e3+ 51. Kg2 Ke4 52. a5 d3 53.
Rc4+ Kd5 54. Rc1 d2 55. Rd1 Bb4 56. Kf1 Bxa5 57. Ke2 Ke4 58. Rf1 Bc7 59. Rf7
Bxg3 60. Re7+ Be5 61. b4 g3 62. b5 g2 63. b6 d1=Q+ 64. Kxd1 g1=Q+ 65. Kc2 Qf2+
66. Kb3 Qf6 67. Rb7 Qc6 68. Rh7 Qxb6+ 69. Kc2 Qb2+ 70. Kd1 Qd2# 0-1

[Event "Titled Tue 17th Jun Early"]
[Site "chess.com INT"]
[Date "2025.06.17"]
[Round "1"]
[White "Puzyrevsky, Semyon"]
[Black "Terlouw, Wouter"]
[Result "0-1"]
[WhiteTitle "FM"]
[BlackTitle "CM"]
[WhiteElo "2292"]
[BlackElo "2196"]
[WhiteFideId "24240931"]
[BlackFideId "1087401"]
[EventDate "2025.06.17"]

1. e4 c6 2. Nc3 d5 3. Nf3 dxe4 4. Nxe4 Nf6 5. Qe2 Nxe4 6. Qxe4 Qd5 7. Qh4 Qf5 8.
d3 Qg4 9. Qg3 Qxg3 10. hxg3 g6 11. d4 Bg7 12. c3 h5 13. Bd3 Bg4 14. Bf4 Nd7 15.
O-O-O e6 16. Ng5 Bxd1 17. Rxd1 Nb6 18. Re1 Nd5 19. Bd6 Bh6 20. f4 Bxg5 21. fxg5
Kd7 22. Be5 Rhc8 23. Rf1 Ke7 24. c4 Ne3 25. Re1 Ng4 26. Bf4 Rd8 27. Kc2 Rxd4 28.
Kc3 Rd7 29. Be2 Rad8 30. b4 b6 31. c5 bxc5 32. bxc5 Kf8 33. Bd6+ Kg8 34. Bf3 Rc8
35. Re2 Rb7 36. Re1 a5 37. Rh1 Ne3 38. Re1 Nd5+ 39. Kc2 a4 40. Re4 a3 41. Be5
Rb5 42. Bd4 Nb4+ 43. Kb3 Nd3+ 44. Kc4 Nb2+ 45. Kc3 Na4+ 46. Kc4 Rcb8 47. Rf4
Rb4+ 48. Kd3 Nb2+ 49. Ke2 e5 50. Bxe5 Rxf4 51. gxf4 Rb5 52. Bd4 Na4 53. Bxc6 Ra5
54. Bxa4 Rxa4 55. Kd3 Kf8 56. Be5 Ke7 57. c6 Kd8 58. c7+ Kd7 59. Kc3 Re4 60. Kd3
Rb4 61. Kc2 Rb6 62. g3 Rb5 63. Bd6 Rd5 64. Be5 Rc5+ 65. Kb3 Rd5 66. Kc4 Rd2 67.
Kb3 Rg2 68. f5 gxf5 69. Kxa3 Rf2 70. Kb4 f4 71. gxf4 h4 72. Kc5 h3 73. f5 Rxf5
74. Kd4 Rxe5 75. Kxe5 h2 76. Kf6 h1=Q 77. Kxf7 Qd5+ 78. Kf6 Qxa2 79. g6 Qb2+ 80.
Kf7 Qb3+ 81. Kf8 Qf3+ 82. Kg8 Qd5+ 83. Kh8 Qh5+ 84. Kg7 Kxc7 85. Kf7 Kd7 86. Kf8
Qf5+ 87. Kg7 Ke7 88. Kh8 Kf6 89. g7 Qh5+ 90. Kg8 Qf7+ 91. Kh8 Qxg7# 0-1

[Event "Titled Tue 17th Jun Early"]
[Site "chess.com INT"]
[Date "2025.06.17"]
[Round "1"]
[White "Azizoglu, Ferzan"]
[Black "Kshatriya, Nitin Vekhande"]
[Result "1-0"]
[BlackTitle "FM"]
[WhiteElo "2055"]
[BlackElo "2255"]
[WhiteFideId "6302726"]
[BlackFideId "45075530"]
[EventDate "2025.06.17"]

1. e4 c5 2. Nf3 e6 3. c3 d5 4. exd5 exd5 5. d4 Nc6 6. Bb5 cxd4 7. Nxd4 Bd7 8.
O-O Be7 9. Re1 a6 10. Bxc6 bxc6 11. Bg5 Kf8 12. Bxe7+ Nxe7 13. Nd2 c5 14. N4b3
Qb6 15. Nf3 Be6 16. Ng5 Bf5 17. Qf3 g6 18. Qe3 Qf6 19. Nxc5 Kg7 20. Qxe7 Qxe7
21. Rxe7 Kf6 22. Rxf7+ Kxg5 23. Re1 Rhe8 24. Rfe7 Rec8 25. b4 a5 26. a3 axb4 27.
axb4 Ra3 28. R7e3 Kf6 29. h3 h5 30. Rd1 Rd8 31. Rd4 Ra1+ 32. Kh2 Ra2 33. f3 Rc2
34. Kg3 h4+ 35. Rxh4 Ra8 36. Rd4 Rd8 37. h4 Rc1 38. Nd3 Rxc3 39. Kf2 Rb3 40. Nf4
Rb2+ 41. Kg3 Kg7 42. Rxd5 Rb8 43. Re7+ Kg8 44. h5 R2xb4 45. Nxg6 Bxg6 46. hxg6
R4b6 47. Rg5 Rf6 48. Re4 Rbb6 49. Rf4 Rfc6 50. g7 Rc8 51. Rf8+ Rxf8 52. gxf8=Q+
Kxf8 53. f4 Kf7 54. Kg4 Rb4 55. g3 Ra4 56. Re5 Kf6 57. Re2 Rb4 58. Rh2 Rc4 59.
Rh6+ Kg7 60. Ra6 Kf7 61. Kg5 Rc3 62. g4 Rc7 63. f5 Rb7 64. Rh6 Kg7 65. Rg6+ Kf7
66. Rc6 Kg7 67. Kh5 Kf7 68. g5 Rb1 69. Rc7+ Kf8 70. Kg6 Ke8 71. f6 Rb6 72. Rc8+
Kd7 73. Rc3 Rb5 74. f7 Ke7 75. Re3+ Kd7 76. f8=Q Kc7 77. Qf6 Kb7 78. Re7+ Ka8
79. Qf8+ Rb8 80. Qxb8+ Kxb8 81. Kf6 Kc8 82. g6 Kd8 83. g7 1-0